logo

Bir Sreshtho Munshi Abdur Rouf Library
Jhenaidah Cadet College

Medea and Electra : (Record no. 10475)

MARC details
000 -LEADER
fixed length control field 00631nam a2200241 a 4500
001 - CONTROL NUMBER
JCCL Control Number 10475
003 - CONTROL NUMBER IDENTIFIER
JCCL marc code BD-JhCC
005 - DATE AND TIME OF LATEST TRANSACTION
control field 20180430125921.0
008 - FIXED-LENGTH DATA ELEMENTS--GENERAL INFORMATION
fixed length control field 180430s1965 usa |||| |||| 000 0 eng d
035 ## - SYSTEM CONTROL NUMBER
system control number (BD-JhCC)10475
040 ## - CATALOGING SOURCE
Original cataloging agency BD-JhCC
Modifying agency BD-JhCC
041 ## - LANGUAGE CODE
Language code of Book eng
082 ## - DEWEY DECIMAL CLASSIFICATION NUMBER
Classification number 882.01
Author mark and Year MIL 1965
100 ## - MAIN ENTRY--PERSONAL NAME
Personal name Milch, Robert J.;
245 ## - TITLE STATEMENT
Title Medea and Electra :
Remainder of title notes /
Statement of responsibility, etc Robert J. Milch
260 ## - PUBLICATION, DISTRIBUTION, ETC. (IMPRINT)
Place of publication, distribution, etc USA :
Name of publisher, distributor, etc Cliffs Notes, Inc.
Date of publication, distribution, etc 1965
300 ## - PHYSICAL DESCRIPTION
Pagination 69 p. :
Dimensions 19 cm.
504 ## - BIBLIOGRAPHY, ETC. NOTE
Bibliography, etc Includes bibliography
650 ## - SUBJECT ADDED ENTRY--TOPICAL TERM
Topical term or geographic name as entry element Electra (Euripides)
650 ## - SUBJECT ADDED ENTRY--TOPICAL TERM
Topical term or geographic name as entry element Greek drama
650 ## - SUBJECT ADDED ENTRY--TOPICAL TERM
Topical term or geographic name as entry element Medea (Euripides)
942 ## - ADDED ENTRY ELEMENTS (KOHA)
Source of classification or shelving scheme Dewey Decimal Classification
Koha item type Books
Holdings
Source of classification or shelving scheme Damaged status Not for loan Home library Current library Shelving location Date of accession Cost, normal purchase price Total Checkouts Full call number Barcode Date last seen Copy number Koha item type
Dewey Decimal Classification     JCC Rouf Library JCC Rouf Library General Stacks 04/30/2018 1.00   882.01 MIL 1965 14074 04/30/2018 C-1 Books

JCC Library | Contacts | JCC Home

Last Update on 23 September 2017
Copyright @ 2017-2020 JCC Rouf Library
Rouf Library, Jhenidah Cadet College (JCC), Bangladesh